000
00206 a2200097 4500
245
_a
Ngakade ngisazi
_h
Text
020
_a
086925409x
100
_a
C.M Mhlanga
650
_a
ndebele literature
005
20191017173846.0
084
_a
NONE
999
_c
10833
_d
10833